De zinnelijke middeleeuwen /
Saved in:
| Main Author: | |
|---|---|
| Format: | Book |
| Language: | Dutch |
| Published: |
Leuven :
Davidsfonds,
c1998.
|
| Edition: | 2. druk. |
| Series: | Historische reeks (Louvain, Belgium) ;
nr. 37. |
| Subjects: | |
| Tags: |
Add Tag
No Tags, Be the first to tag this record!
|
| LEADER | 00980nam a22003134a 4500 | ||
|---|---|---|---|
| 001 | 007724052-9 | ||
| 005 | 20050218135056.0 | ||
| 008 | 980318s1998 be ab b 000 0 dut | ||
| 010 | |a 99510765 | ||
| 020 | |a 9061526965 | ||
| 035 | 0 | |a ocm49249764 | |
| 040 | |a DLC |c DLC |d CStRLIN | ||
| 042 | |a pcc | ||
| 043 | |a e------ | ||
| 050 | 0 | 0 | |a HT115 |b .U97 1998 |
| 072 | 7 | |a D |2 lcco | |
| 100 | 1 | |a Uytven, Raymond van. | |
| 245 | 1 | 3 | |a De zinnelijke middeleeuwen / |c Raymond van Uytven. |
| 250 | |a 2. druk. | ||
| 260 | |a Leuven : |b Davidsfonds, |c c1998. | ||
| 300 | |a 232 p. : |b ill. (some col.), maps ; |c 24 cm. | ||
| 490 | 1 | |a Historische reeks ; |v nr. 37. | |
| 504 | |a Includes bibliographical references (p. 230-232). | ||
| 650 | 0 | |a Cities and towns, Medieval |z Europe |x History. | |
| 650 | 0 | |a City and town life |z Europe |x History |y To 1500. | |
| 650 | 0 | |a Social history |y Medieval, 500-1500. | |
| 830 | 0 | |a Historische reeks (Louvain, Belgium) ; |v nr. 37. | |
| 988 | |a 20020608 | ||
| 906 | |0 DLC | ||


